000 00573nam a2200229Ia 4500
003 OSt
005 20221007082500.0
006 a|||||r|||| 00| 0
007 ta
008 221006b |||||||| |||| 00| 0 eng d
024 _a8,315
037 _cTextual
040 _aFLL
_cFLL
_beng
041 _2eng
_aeng
082 _aZ2:V:N78, M4.2
100 _aJoiis Au.
_9699120
245 0 _aLegal and constitutional history of india
260 _c1984
300 _a388p
_ccm.
942 _hZ2:V:N78, M4.2
_cTEXL
_2CC
999 _c1166578
_d1166578